Taylor Swift 07 - Statistics

General Stats
  • This quiz has been taken 32 times
    23 since last reset
  • The average score is 327 of 471
Answer Stats
Answer % Correct
a
100%
I
100%
the
100%
in
95%
me
95%
no
95%
to
95%
when
95%
you
95%
is
90%
on
90%
we
90%
and
85%
it
85%
my
85%
that
85%
all
80%
of
80%
I'm
80%
not
80%
of
80%
there
80%
where
80%
know
75%
like
75%
love
75%
one
75%
want
75%
with
75%
your
75%
but
70%
go
70%
see
70%
well
70%
you're
70%
baby
65%
can't
65%
colors
65%
fun
65%
had
65%
never
65%
only
65%
there's
65%
things
65%
what
65%
another
60%
find
60%
get
60%
just
60%
others
60%
promise
60%
that's
60%
these
60%
you'll
60%
alone
55%
am
55%
'cause
55%
comes
55%
kind
55%
lover
55%
out
55%
rain
55%
rainbow
55%
think
55%
up
55%
will
55%
about
50%
after
50%
before
50%
chicks
50%
cool
50%
gonna
50%
guy
50%
handful
50%
ladies
50%
lot
50%
phone
50%
without
50%
enough
45%
leave
45%
make
45%
nobody's
45%
psycho
45%
spell
45%
uh
45%
went
45%
awesome
40%
fight
40%
follow
40%
girl
40%
guys
40%
jump
40%
kids
40%
team
40%
wanna
40%
away
35%
doll
35%
hey
35%
lame
35%
let
35%
spelling
35%
trouble's
35%
two
35%
ran
30%
summer
30%
tend
30%
three
30%
walk
30%
winter
30%
called
25%
company
25%
keep
25%
living
25%
name
25%
ain't
20%
bore
20%
ooo
20%
won't
20%
band
15%
strike
15%
stop
0%
No matching quizzes found
Score Distribution
Percent of People with Each Score
Percentile by Number Answered
Your Score History
You have not taken this quiz since the last reset